000 00691nam a2200205 a 4500
001 000012872
005 20240530073915.0
008 091118s2000 dr a 001 f spa d
040 _aDO-SdBNP
_bspa
_cBNPHU
082 _aRD863.44
_bP349s
100 1 _aPeña Cabrera, Carmelina
_929745
245 1 0 _aSecuestrada en el paraíso /
_cCarmelina Peña Cabrera ; prefacio Mercedes Aracena Disla.
260 _aSanto Domingo :
_bKabalah,
_c2000.
300 _a86 p. :
_bil. ;
_c17 cm.
590 _aInventariando, 2020/BT
650 0 _aNovela dominicana
_9223
650 0 _aLiteratura dominicana.
_967
700 1 _aAracena Disla, Mercedes
_924316
910 _aValidado. Control de calidad. MMOLINA
999 _c12520
_d12520